书目信息 |
| 题名: |
中国近代思想家文库
|
|
| 作者: | 戴逸 主编 ;黄爱平 , 吴杰 , 方东树 , 唐鉴 编 | |
| 分册: | 方东树 唐鉴卷 | |
| 出版信息: | 北京 中国人民大学出版社 2015 |
|
| 页数: | 21,609页 | |
| 开本: | 23cm | |
| 丛书名: | ||
| 单 册: | ||
| 中图分类: | C53 , B250.5 | |
| 科图分类: | ||
| 主题词: | 思想史--Si Xiang Shi--研究--中国--近代 , 社会科学--She Hui Ke Xue--文集 , 近代哲学--中国 , 个人-道德修养 | |
| 电子资源: | ||
| ISBN: | 978-7-300-20456-7 | |
| 000 | 01313nam0 22003491 450 | |
| 001 | 350891 | |
| 005 | 20161017163226.70 | |
| 010 | @a978-7-300-20456-7@dCNY96.00 | |
| 100 | @a20150826d2015 em y0chiy50 ea | |
| 101 | 0 | @achi |
| 102 | @aCN@b110000 | |
| 105 | @ay z 000yd | |
| 106 | @ar | |
| 200 | 1 | @a中国近代思想家文库@AZhong Guo Jin Dai Si Xiang Jia Wen Ku@i方东树 唐鉴卷@f黄爱平,吴杰编 |
| 210 | @a北京@c中国人民大学出版社@d2015 | |
| 215 | @a21,609页@d23cm | |
| 300 | @a国家出版基金项目 | |
| 314 | @a主编:戴逸 | |
| 330 | @a本书选择了清代著名理学家方东树和唐鉴的诸多代表性著述,包括方东树的《汉学商兑》、《大意尊闻》、《考集文录》和唐鉴的《学案小识》、《唐确慎公集》。既反映方东树和唐鉴二者或同或异的思想面貌,也展现出清代学术思想发展变化的脉络。 | |
| 606 | 0 | @a思想史@ASi Xiang Shi@x研究@y中国@z近代 |
| 606 | 0 | @a社会科学@AShe Hui Ke Xue@j文集 |
| 606 | 0 | @a近代哲学@x中国 |
| 606 | 0 | @a个人-道德修养 |
| 690 | @aC53@v5 | |
| 690 | @aB250.5@v4 | |
| 701 | 0 | @a戴逸@ADai Yi@f(1926~)@4主编 |
| 702 | 0 | @c(瑶)@a黄爱平@AHuang Ai Ping@c(女,@f1955~)@4编 |
| 702 | 0 | @a吴杰@AWu Jie@c(图书编辑)@4编 |
| 702 | 0 | @c(清)@a方东树@AFang Dong Shu@f(1772~1851)@4著 |
| 702 | 0 | @c(清)@a唐鉴@ATang Jian@f(1778~1861)@4著 |
| 801 | 0 | @aCN@bTANGWEI@c20160808 |
| 905 | @b0892279-82@dB250.5@e64:16@f4 | |
| 中国近代思想家文库.方东树 唐鉴卷/黄爱平,吴杰编 .-北京:中国人民大学出版社,2015 |
| 21,609页;23cm |
| 国家出版基金项目 |
| ISBN 978-7-300-20456-7:CNY96.00 |
| 本书选择了清代著名理学家方东树和唐鉴的诸多代表性著述,包括方东树的《汉学商兑》、《大意尊闻》、《考集文录》和唐鉴的《学案小识》、《唐确慎公集》。既反映方东树和唐鉴二者或同或异的思想面貌,也展现出清代学术思想发展变化的脉络。 |
| ● |
| 相关链接 |
|
|
|
|
正题名:中国近代思想家文库
索取号:B250.5/64:16
 
预约/预借
| 序号 | 登录号 | 条形码 | 馆藏地/架位号 | 状态 | 备注 |
| 1 | 0892279 | 208922790 | 第一样本阅览室/ [索取号:B250.5/64:16] | 在馆 | |
| 2 | 0892280 | 208922807 | 第一借阅区/ [索取号:B250.5/64:16] | 在馆 | |
| 3 | 0892281 | 208922816 | 第一借阅区/ [索取号:B250.5/64:16] | 在馆 | |
| 4 | 0892282 | 208922825 | 第一借阅区/ [索取号:B250.5/64:16] | 在馆 |